[Event "ch-Euro Youth g16"]
[Site "Albena BUL"]
[Date "2011.09.19"]
[Round "8.9"]
[White "Cerrato Torrijos,M"]
[Black "Shamatava,A"]
[Result "0-1"]
[WhiteElo "2097"]
[BlackElo "1977"]

1.e4 c5 2.Nc3 a6 3.Nf3 e6 4.d4 cxd4 5.Nxd4 Nc6 6.Be2 Qc7 7.O-O Nf6 8.Be3 Bb4
9.Nxc6 bxc6 10.Qd4 Bd6 11.f4 e5 12.Qd2 O-O 13.Rad1 exf4 14.Qxd6 Qxd6 15.Rxd6 fxe3
16.e5 Ne8 17.Rd4 Rb8 18.b3 Nc7 19.Bc4 Nb5 20.Rd3 Na3 21.Rxe3 Nxc4 22.bxc4 Rb4
23.Ne4 a5 24.Nd6 Ba6 25.a3 Rb2 26.Re2 f6 27.exf6 gxf6 28.Rf4 f5 29.Nxf5 Rb1+
30.Kf2 Bxc4 31.Rxc4 Rxf5+ 32.Kg3 Ra1 33.Re3 Ra2 34.Kg4 Rf2 35.Rg3 Raxc2 36.Kh5+ Kf7
37.Rxc2 Rxc2 38.Kh6 d5 39.h4 d4 40.h5 Rc3 41.Rg7+ Ke6 42.Kxh7 d3 43.Rg3 d2
44.Rxc3 d1=Q 45.Rxc6+ Kd5 46.Rh6 Qg4 47.Kh8 Qg5 48.Rh7 Ke6 49.h6 Kf6 50.g4 Qg6
51.g5+ Qxg5 52.a4 Qg6 53.Ra7 Qxh6+ 54.Kg8 Qg5+ 55.Kf8 Qc5+  0-1

[Event "ch-Euro Youth b18"]
[Site "Albena BUL"]
[Date "2011.09.19"]
[Round "8.4"]
[White "Lagarde,Max"]
[Black "Vardanian,HaiG"]
[Result "0-1"]
[WhiteElo "2452"]
[BlackElo "2325"]

1.e4 c5 2.Nf3 e6 3.d4 cxd4 4.Nxd4 a6 5.Nc3 Qc7 6.Bd3 Nc6 7.Nxc6 dxc6 8.O-O e5
9.f4 Nf6 10.Kh1 Bd6 11.f5 Bc5 12.Qf3 b5 13.Qg3 Kf8 14.a4 Rb8 15.Qh4 h6 16.g4 Kg8
17.Qg3 Bb7 18.g5 hxg5 19.Bxg5 Kf8 20.Rae1 Bb6 21.Nd1 Rd8 22.Nf2 Rd4 23.Be3 Nh5
24.Qh4 Rd6 25.Ng4 c5 26.f6 g6 27.Bh6+ Ke8 28.axb5 c4 29.bxa6 cxd3 30.axb7 d2
31.Qg5 dxe1=Q 32.Qxe5+ Kd8 33.Qe7+ Qxe7 34.b8=Q+ Kd7 35.Qb7+ Bc7 36.Rxe1 Qe6
37.e5 Qd5+ 38.Qxd5 Rxd5 39.e6+ fxe6 40.Bg7 Rb8 41.c4 Rf5 42.Rd1+ Kc6  0-1

[Event "ch-Euro Youth g18"]
[Site "Albena BUL"]
[Date "2011.09.19"]
[Round "8.2"]
[White "Gevorgyan,M"]
[Black "Abdulla,K"]
[Result "1-0"]
[WhiteElo "2047"]
[BlackElo "2230"]

1.e4 c5 2.Nf3 e6 3.d4 cxd4 4.Nxd4 a6 5.Nc3 Qc7 6.Bd3 Nf6 7.f4 d6 8.Qf3 Nbd7
9.g4 Nc5 10.Bd2 b5 11.b4 Nxd3+ 12.cxd3 Bb7 13.g5 Nd7 14.Rc1 Qd8 15.h4 d5
16.Nce2 dxe4 17.dxe4 Rc8 18.Rxc8 Qxc8 19.a4 e5 20.fxe5 Nxe5 21.Qb3 Qg4 22.axb5 Qxe4
23.Rh3 Bd5 24.Qe3 Qb1+ 25.Kf2 Be4 26.Qb3 Nd3+ 27.Ke3 Qf1 28.Rg3 Nf2 29.Rg1 Qh3+
30.Kxf2 Qh2+ 31.Ke1 Bd6 32.Qe3 Qxh4+ 33.Ng3 O-O 34.Kd1 Re8 35.Qc3 axb5 36.Nxe4 Qxe4
37.Re1 Qg4+ 38.Nf3 Rc8 39.Qd3 g6 40.Re4 Qg2 41.Bc3 Bf8 42.Rf4 Qh1+ 43.Ke2 Qg2+
44.Ke3 Qh1 45.Qd4 Qc1+ 46.Bd2 Qa3+ 47.Kf2 Rc4 48.Qf6 Qa7+ 49.Kg3 Rc2 50.Qe5 Qa3
51.Qd5 Qa7 52.Kh3 Qc7 53.Rf6 Qe7 54.Be3 Bg7 55.Bc5 Rxc5 56.bxc5 Bxf6 57.gxf6 Qxf6
58.c6 Qe7 59.Qe5 Qa3 60.Kg3 Kf8 61.c7  1-0

[Event "US Chess League 2011"]
[Site "ICC INT"]
[Date "2011.09.21"]
[Round "4"]
[White "Wu,Christopher"]
[Black "Black,James A"]
[Result "1-0"]
[WhiteElo "2059"]
[BlackElo "2132"]

1.e4 c5 2.Nf3 e6 3.d4 cxd4 4.Nxd4 a6 5.Nc3 Qc7 6.g3 Bb4 7.Bd2 Nf6 8.Bg2 Nc6
9.Nb3 Be7 10.O-O O-O 11.f4 d6 12.g4 Re8 13.g5 Nd7 14.Qh5 Bf8 15.Rf3 g6 16.Qh4 Bg7
17.Rh3 Nf8 18.Rf1 Ne7 19.Nd1 b5 20.Ne3 Kh8 21.Ng4 a5 22.Bc3 e5 23.fxe5 Bxg4
24.Qxg4 dxe5 25.Rxf7 Qc4 26.Qf3 Ne6 27.Bxe5 Nxg5 28.Rxg7 Nxf3+ 29.Bxf3 h5
30.Rxg6+ Kh7 31.Rg7+  1-0

[Event "TCh-Central Serbia 2011"]
[Site "Kraljevo SRB"]
[Date "2011.09.21"]
[Round "6"]
[White "Stojanovski,D"]
[Black "Boskovic,D"]
[Result "1-0"]
[WhiteElo "2427"]
[BlackElo "2417"]

1.e4 c5 2.Nf3 e6 3.Nc3 a6 4.d4 cxd4 5.Nxd4 Qc7 6.Bd3 Nc6 7.Nb3 Nf6 8.O-O b5
9.a3 Bb7 10.f4 h5 11.Qf3 Ng4 12.Bd2 Be7 13.Rae1 O-O-O 14.h3 Qb6+ 15.Kh1 Bd6
16.a4 b4 17.a5 Qc7 18.Na4 g5 19.fxg5 Nce5 20.Qe2 Be7 21.Bf4 Bxg5 22.Bxa6 Bxf4
23.Bxb7+ Kxb7 24.Nbc5+ Ka7 25.Qa6+ Kb8 26.Qb5+ Ka7 27.Nb6 Qc6 28.Qa6+ Kb8
29.Nbxd7+ Rxd7 30.Qxc6 Nxc6 31.Nxd7+ Kc7 32.Rxf4 Kxd7 33.Rxf7+ Kd6 34.hxg4 hxg4+
35.Kg1 Ne5 36.Rb7 Kc5 37.a6  1-0

[Event "4th Mumbai Mayors Cup"]
[Site "Mumbai IND"]
[Date "2011.09.21"]
[Round "8"]
[White "Priyadharshan,K"]
[Black "Hossain,Enam"]
[Result "0-1"]
[WhiteElo "2376"]
[BlackElo "2481"]

1.e4 c5 2.Nf3 e6 3.d4 cxd4 4.Nxd4 a6 5.Nc3 Qc7 6.Qf3 d6 7.Be3 Nf6 8.Qg3 Nbd7
9.O-O-O b6 10.f3 Bb7 11.Kb1 Ne5 12.Nb3 b5 13.Bxb5+ axb5 14.Nxb5 Qc6 15.Nxd6+ Bxd6
16.Qxg7 Rg8 17.Qxf6 Nc4 18.Bg5 h6 19.e5 Qa4 20.a3 Rg6 21.exd6 Rxf6 22.d7+ Ke7
23.d8=Q+ Rxd8 24.Bxf6+ Kxf6 25.Rxd8 Bd5 26.Rb8 Qa7 27.Rg8 Qf2 28.Rc1 Qe3
29.Rg4 Qe5 30.Rd4 Qxh2 31.Nd2 Ne3 32.g4 Qe5 33.Rd3 Ng2 34.c4 Nf4 35.Rb3 Bc6
36.c5 Qe2 37.Ne4+ Ke7 38.Rb6 Qxf3 39.Nd6 Nd3 40.Nc8+ Kf6 41.Rxc6 Qxc6 42.Na7 Qb7  0-1

[Event "TCh-Central Serbia 2011"]
[Site "Kraljevo SRB"]
[Date "2011.09.22"]
[Round "8.6"]
[White "Stankovic,Milo"]
[Black "Cvetanovic,U"]
[Result "1-0"]
[WhiteElo "2375"]
[BlackElo "2236"]

1.e4 c5 2.Nf3 e6 3.d4 cxd4 4.Nxd4 a6 5.Nc3 b5 6.Bd3 Qb6 7.Nb3 Bb7 8.Be3 Qc7
9.O-O Nf6 10.a3 d5 11.exd5 Nxd5 12.Nxd5 Bxd5 13.Re1 Bd6 14.Qh5 g6 15.Qh6 Bf8
16.Qh4 Bg7 17.Bf4 Qd8 18.Bg5 f6 19.Bh6 O-O 20.Rad1 f5 21.Qxd8 Rxd8 22.Bxg7 Kxg7
23.Nc5 Kf7 24.c4 bxc4 25.Bxc4 Nd7 26.Rxd5 exd5 27.Bxd5+ Kg7 28.Re7+ Kh6 29.Rxd7 Rxd7
30.Nxd7 Rd8 31.Bc6 Kg5 32.g3 f4 33.Kg2 fxg3 34.hxg3 h5 35.b4 Rc8 36.Bb7 Rc7
37.Nc5  1-0

[Event "4th Mumbai Mayors Cup"]
[Site "Mumbai IND"]
[Date "2011.09.22"]
[Round "9"]
[White "Abhishek,D"]
[Black "Deepan,C"]
[Result "0-1"]
[WhiteElo "2357"]
[BlackElo "2470"]

1.e4 c5 2.Nf3 e6 3.d4 cxd4 4.Nxd4 a6 5.Nc3 b5 6.g3 Bb7 7.Bg2 Nf6 8.O-O b4
9.Nd5 exd5 10.exd5 Bc5 11.Re1+ Kf8 12.Nf5 d6 13.Bf4 Bc8 14.Qd3 Bxf5 15.Qxf5 Nbd7
16.Re2 h6 17.Qh3 Qc7 18.Rae1 Re8 19.Rxe8+ Nxe8 20.g4 Ne5 21.g5 Qd7 22.gxh6 Qxh3
23.Bxh3 Nf3+  0-1

[Event "4th Mumbai Mayors Cup"]
[Site "Mumbai IND"]
[Date "2011.09.23"]
[Round "10"]
[White "Roy Chowdhury,S"]
[Black "Kulkarni,C"]
[Result "1-0"]
[WhiteElo "2427"]
[BlackElo "2305"]

1.e4 c5 2.Nf3 e6 3.Nc3 a6 4.d4 cxd4 5.Nxd4 Qc7 6.Be2 Nf6 7.O-O d6 8.f4 Nc6
9.Kh1 Bd7 10.Be3 b5 11.Bf3 Rc8 12.a3 Be7 13.Qe1 Nxd4 14.Bxd4 O-O 15.Qg3 g6
16.Rad1 Bc6 17.Rd3 Rcd8 18.Qh3 Rfe8 19.e5 dxe5 20.fxe5 Rxd4 21.Rxd4 Qxe5
22.Bxc6 Qxd4 23.Bxe8 Nxe8 24.Qd3 Qe5 25.Qe4 Qxe4 26.Nxe4 f5 27.Nd2 e5 28.c4 e4
29.cxb5 axb5 30.Nb1 Nd6 31.b3 Kf7 32.a4 bxa4 33.bxa4 Ke6 34.a5 Bd8 35.a6 Bb6
36.Nc3 Nc8 37.Nb5 e3 38.Rc1 Nd6 39.a7 Bxa7 40.Nxa7 Ke5 41.Kg1  1-0

[Event "Vasteras Open"]
[Site "Vasteras SWE"]
[Date "2011.09.23"]
[Round "2"]
[White "Svensson,Anders2"]
[Black "Blomqvist,E"]
[Result "0-1"]
[WhiteElo "2098"]
[BlackElo "2469"]

1.e4 c5 2.Nf3 e6 3.d4 cxd4 4.Nxd4 a6 5.Nc3 b5 6.Bd3 Qb6 7.Nb3 Nc6 8.Be3 Qc7
9.O-O Nf6 10.f4 d6 11.Kh1 Be7 12.Qe1 Bb7 13.Nd4 O-O 14.Qg3 Nxd4 15.Bxd4 b4
16.e5 Nh5 17.Qh3 g6 18.Ne4 Bxe4 19.Bxe4 Rac8 20.Qe3 Rfe8 21.Bd3 Qc6 22.c3 a5
23.Qd2 Qd5 24.Qe3 Ng7 25.c4 Qc6 26.b3 Nf5 27.Bxf5 exf5 28.e6 Bf8 29.exf7+ Kxf7
30.Qh3 h5 31.Qh4 Re6 32.Qg3 Re4 33.Rad1 Rce8 34.h3 Re2 35.Rf2 Re1+ 36.Rxe1 Rxe1+
37.Kh2 Qe4 38.Rd2 Bh6 39.Qf2 Bxf4+  0-1

[Event "16th ECC w"]
[Site "Rogaska Slatina SLO"]
[Date "2011.09.25"]
[Round "1"]
[White "Munguntuul,B"]
[Black "Cramling,P"]
[Result "1-0"]
[WhiteElo "2465"]
[BlackElo "2489"]

1.e4 c5 2.Nf3 a6 3.Nc3 e6 4.d4 cxd4 5.Nxd4 b5 6.Bd3 Qb6 7.Be3 Bc5 8.Nce2 Nf6
9.O-O Ng4 10.Bd2 Nc6 11.c3 Nce5 12.Bc2 Bb7 13.b4 Be7 14.a4 Nf6 15.Ng3 Nc4
16.Bc1 O-O 17.Re1 d6 18.Nf1 Rac8 19.Nd2 g6 20.axb5 axb5 21.Nxc4 Rxc4 22.Ra5 e5
23.Nxb5 Bxe4 24.Bb3 Rcc8 25.Be3 Qb8 26.Bh6 d5 27.Bxf8 Rxf8 28.Na7 d4 29.cxd4 Bxb4
30.Rb5 Qxa7 31.Rxb4 Rd8 32.d5 Bxd5 33.Rxe5 Qc7 34.Rxd5 Rxd5 35.Bxd5 Nxd5
36.Rd4 Nf6 37.h3 h5 38.Rd8+ Kg7 39.Qd4 Qc1+ 40.Kh2 Qc7+ 41.Rd6 Qe7 42.h4  1-0

[Event "Tatry Open"]
[Site "Tatranske Zruby SVK"]
[Date "2011.09.25"]
[Round "1.55"]
[White "Sebo,Viktor"]
[Black "Mandak,M"]
[Result "1-0"]
[WhiteElo "1924"]
[BlackElo "2003"]

1.e4 c5 2.Nf3 e6 3.d4 cxd4 4.Nxd4 a6 5.Nc3 Qc7 6.Be2 Nf6 7.O-O Nc6 8.Be3 Bb4
9.f3 O-O 10.Qd2 d5 11.Nxc6 bxc6 12.Bg5 Bd6 13.Bxf6 Bxh2+ 14.Kh1 Bf4 15.Qd4 c5
16.Qf2 gxf6 17.exd5 Qe5 18.Qh4 Qg5 19.Qxg5+ fxg5 20.dxe6 Bxe6 21.Ne4 c4 22.Nc5 Bd5
23.Nd7 Rfd8 24.Nf6+ Kg7 25.Nxd5 Rxd5 26.Bxc4 Rc5 27.b3 a5 28.Rad1 Ra7 29.Rfe1 h6
30.Re8 Re5 31.Rc8 Bg3 32.Bd3 Rae7 33.Rf1 Rd7 34.Rc4 f5 35.a3 h5 36.b4 axb4
37.axb4 Rb7 38.c3 Rd5 39.Bb1 Kf6 40.Rc6+ Ke5 41.Ba2 Rd2 42.f4+ Ke4 43.Re6+ Kd3
44.Rd6+ Kc2 45.Bb1+ Kxc3 46.Rf3+  1-0

[Event "Dinos-Guajes"]
[Site "Aviles ESP"]
[Date "2011.09.26"]
[Round "1"]
[White "Arruebarrena,R"]
[Black "Alonso Gorrin,J"]
[Result "1-0"]
[WhiteElo "2231"]
[BlackElo "1895"]

1.e4 c5 2.Nf3 e6 3.d4 cxd4 4.Nxd4 a6 5.Nc3 Qc7 6.Bd3 Nf6 7.O-O Bc5 8.Nb3 Ba7
9.Kh1 O-O 10.f4 d6 11.Qf3 Nc6 12.Be3 Bxe3 13.Qxe3 b5 14.a4 b4 15.Ne2 e5 16.f5 Bb7
17.c4 bxc3 18.Nxc3 Nb4 19.Rac1 Nxd3 20.Qxd3 Qb6 21.Nd2 Qd4 22.Qxd4 exd4 23.Ne2 Nxe4
24.Nxe4 Bxe4 25.Nxd4 Rfc8 26.Kg1 h5 27.g3 Rab8 28.b3 Rxc1 29.Rxc1 Rb4 30.Rd1 g5
31.fxg6 fxg6 32.Kf2 Kf7 33.Ke3 d5 34.Rf1+ Kg7 35.Rc1 Rb6 36.Rc6 Rxc6 37.Nxc6 Kf6
38.b4 Ke6 39.Kd4 Kd6 40.Ne5 Bc2 41.a5 Bf5 42.h4 Be4 43.Nc4+ Kc6 44.Nd2 Kb5
45.Kc3 Bg2 46.Nb3 Bf1 47.Nd4+ Ka4 48.Nc6 Be2 49.Ne7 d4+ 50.Kxd4 Kxb4 51.Nxg6 Kxa5
52.Ne5 Kb4 53.Ke3 Bb5 54.g4 Be8 55.g5 Kc5 56.g6 Bxg6 57.Nxg6 Kd6 58.Nf4 Ke7
59.Nxh5 Kf7 60.Kd4 Kg6 61.Ng3 Kh6 62.Kc5 Kh7 63.Kb6 Kh6 64.Kxa6 Kh7 65.Kb6 Kg7
66.Kc6 Kh7 67.Kd6 Kg7 68.Ke6 Kg6 69.Ke5 Kg7 70.Kf5 Kh6 71.Kf6 Kh7 72.Kg5 Kg7
73.Nf5+ Kh7 74.Kh5 Kh8 75.Kg6 Kg8 76.Nd6 Kh8 77.Nf7+ Kg8 78.h5 Kf8 79.h6  1-0

[Event "16th ECC w"]
[Site "Rogaska Slatina SLO"]
[Date "2011.09.29"]
[Round "5.4"]
[White "Hou Yifan"]
[Black "Dimitrijevic,A"]
[Result "1-0"]
[WhiteElo "2578"]
[BlackElo "2287"]

1.e4 c5 2.Nf3 e6 3.Nc3 a6 4.d4 cxd4 5.Nxd4 d6 6.Be3 Nf6 7.Be2 Be7 8.f4 Qc7
9.Bf3 Nfd7 10.O-O Nc6 11.a4 O-O 12.Nb3 b6 13.g4 Bb7 14.g5 Rfe8 15.Bg2 Nb4
16.Rf3 Rac8 17.Rh3 Nf8 18.Qd2 d5 19.e5 Bc5 20.Nd4 Nc6 21.Nce2 Qe7 22.c3 Na5
23.Bf2 Nc4 24.Qc1 Qd8 25.Bf1 Ng6 26.Ng3 Nxb2 27.f5 exf5 28.Qxb2 f4 29.Ngf5 Rxe5
30.Nh4 Rxg5+ 31.Kh1 Qe8 32.Nhf3 h6 33.Re1 Qxa4 34.Nxg5 hxg5 35.Qe2 Qd7 36.Qh5 g4
37.Qh7+  1-0

[Event "Tatry Open"]
[Site "Tatranske Zruby SVK"]
[Date "2011.10.02"]
[Round "9.6"]
[White "Kernazhitsky,L"]
[Black "Dobrovolsky,L"]
[Result "0-1"]
[WhiteElo "2308"]
[BlackElo "2347"]

1.e4 c5 2.Nc3 e6 3.Nf3 a6 4.d4 cxd4 5.Nxd4 Qc7 6.Bd3 Nc6 7.Be3 Nf6 8.O-O Nxd4
9.Bxd4 Bc5 10.Bxc5 Qxc5 11.Re1 d6 12.Qd2 O-O 13.Rad1 e5 14.Bf1 Rd8 15.Re3 Bg4
16.Be2 Bxe2 17.Qxe2 Rac8 18.g4 h6 19.h4 Qc4 20.Red3 Qe6 21.g5 Nh7 22.Rg3 Nf8
23.Nd5 h5 24.c3 g6 25.Kh2 Nd7 26.Rgd3 Kg7 27.Rf3 Qg4 28.Rg1 Qe6 29.b3 b5
30.Rgg3 Rf8 31.Qe3 Rc5 32.Nf6 Rfc8 33.Qd2 R8c6 34.Nxd7 Qxd7 35.Rf6 d5 36.Rxc6 Qxc6
37.b4 Rc4 38.Qxd5  0-1

[Event "20th TCh-CRO w"]
[Site "Sibenik CRO"]
[Date "2011.10.06"]
[Round "4.2"]
[White "Kanceljak,D"]
[Black "Tomulic,V"]
[Result "1/2-1/2"]
[WhiteElo "1913"]
[BlackElo "1926"]

1.e4 c5 2.Nf3 e6 3.d4 cxd4 4.Nxd4 a6 5.Nc3 Qc7 6.Bd3 Nc6 7.Nxc6 dxc6 8.O-O Bd6
9.f4 e5 10.f5 Nf6 11.Kh1 b5 12.a3 Bb7 13.b4 c5 14.Bxb5+ Ke7 15.Bxa6 Bxa6
16.Bg5 Bc4 17.b5 Rhd8 18.a4 Qa5 19.Rf3 Bc7 20.Qe1 Rd6 21.Be3 Bb6 22.Bg5 h6
23.Bd2 Qa7 24.a5 Ke8 25.Ra4 Bxa5 26.Nd5 Nxd5 27.Rxa5 Qb7 28.exd5 Rxd5 29.Rxa8+ Qxa8
30.h3 Qd8 31.Rf2 Bxb5 32.Kh2 Qd6 33.f6 gxf6  1/2-1/2

[Event "Oslo GM Open"]
[Site "Oslo NOR"]
[Date "2011.10.07"]
[Round "7.13"]
[White "Klein,Da"]
[Black "Getz,N"]
[Result "1-0"]
[WhiteElo "2359"]
[BlackElo "2391"]

1.e4 c5 2.Ne2 e6 3.d4 cxd4 4.Nxd4 a6 5.Nc3 Qc7 6.Bd3 Bc5 7.Nb3 Be7 8.O-O d6
9.f4 Nd7 10.Bd2 Ngf6 11.Qf3 b6 12.Rae1 Bb7 13.Qg3 g6 14.Kh1 Nc5 15.Nd4 d5
16.e5 Nfe4 17.Bxe4 Nxe4 18.Nxe4 dxe4 19.Be3 Bc5 20.Qh4 Qe7 21.Qf2 Rc8 22.c3 b5
23.Rd1 Bd5 24.b3 Bb6 25.Qe1 Ba5 26.Rc1 Qb7 27.Rc2 f5 28.exf6 Kf7 29.h3 h5
30.Qc1 Bd8 31.c4 bxc4 32.bxc4 Bc6 33.Rb2 Qc7 34.Qb1 Bxf6 35.Rb3 Ba8 36.Rb6 Bxd4
37.Bxd4 Rhd8 38.Be5 Qxc4 39.Qe1 e3 40.Rg1 Rd2 41.Qh4 Bxg2+ 42.Kh2 Bf3+ 43.Kg3 g5
44.Qxg5 Rg8 45.Qxg8+ Kxg8 46.Kxf3+ Kh7 47.Rb7+ Kh6 48.Bg7+ Kh7 49.Bf6+ Kh6
50.Bg5+ Kg6 51.Be7+ Kf7 52.Bd6+ Kf6 53.Be5+ Kf5 54.Rg5+  1-0

[Event "1st Qinhuangdao Open"]
[Site "Qinhuangdao CHN"]
[Date "2011.10.07"]
[Round "9"]
[White "Wang Yu A"]
[Black "Ma Qun"]
[Result "1/2-1/2"]
[WhiteElo "2360"]
[BlackElo "2455"]

1.e4 c5 2.Nf3 e6 3.d4 cxd4 4.Nxd4 a6 5.Nc3 d6 6.Be3 Nf6 7.f3 b5 8.g4 h6 9.Qd2 Nbd7
10.O-O-O b4 11.Na4 Ne5 12.Nb3 Rb8 13.f4 Nexg4 14.Ba7 Rb7 15.Qd4 Qc7 16.Bb6 Qc6
17.Qxb4 Qxe4 18.Qc3 Bd7 19.Bxa6 Rb8 20.Qc7 Ra8 21.Bb7 Qxf4+ 22.Kb1 Qxa4 23.Na5 Be7
24.Bxa8 O-O 25.Bc6 Qf4 26.Bxd7 Qa4 27.Bc6 Qf4 28.Bd7 Ne4 29.Nb3 Bf6 30.Rhe1 Ne5
31.Rxe4 Qxe4 32.Qxd6 Nc4 33.Qc7 Qe2 34.Rc1 Bd8 35.Qxd8 Rxd8 36.Bxd8 Nd2+
37.Nxd2 Qxd2 38.Ba4 Qxd8 39.c4 Qd4 40.Bd1 Qc5 41.a3 Kf8 42.b4 Qe3 43.Kb2 Qd4+
44.Kb1 Ke7 45.c5 Kd8 46.Bb3 Kc7 47.Ka2 Kd8 48.Kb1 Kc7 49.Ka2 f5 50.b5 Kb7
51.b6 Kc6 52.Rc4 Qd2+ 53.Rc2 Qd4  1/2-1/2

[Event "TCh-ISL Div1 2011-12"]
[Site "Reykjavik ISL"]
[Date "2011.10.07"]
[Round "1.3"]
[White "Teitsson,M"]
[Black "Olafsson,D"]
[Result "1/2-1/2"]
[WhiteElo "2205"]
[BlackElo "2325"]

1.e4 c5 2.Nf3 e6 3.d4 cxd4 4.Nxd4 a6 5.Nc3 b5 6.Bd3 Bb7 7.O-O Qc7 8.a4 b4
9.Na2 Nf6 10.Re1 Nc6 11.Nxc6 Bxc6 12.Bd2 Qb7 13.Qe2 d5 14.e5 Ne4 15.Bxe4 dxe4
16.c3 a5 17.cxb4 axb4 18.b3 Be7 19.Qh5 Rd8 20.Be3 O-O 21.Rad1 Bd5 22.Nc1 Qc7
23.Qg4 Qxe5 24.Bd4 Qg5 25.Qxg5 Bxg5 26.Bc5 Rfe8 27.Bxb4 Bxc1 28.Rxc1 Bxb3
29.Rxe4 Bxa4 30.Ba5 Rd1+ 31.Rxd1 Bxd1 32.Rd4 Bb3 33.Rd8 Rxd8 34.Bxd8 Bd5
35.f4 f6 36.Kf2 Kf7 37.g3 Kg6 38.h4 Kf5 39.Be7 Kg4 40.Bf8 g5 41.hxg5 fxg5
42.fxg5 Kxg5 43.Bc5 h5 44.Be3+ Kg4 45.Ba7 Kf5 46.Be3 Ke4 47.Ba7 Kd3 48.Be3 e5
49.Ba7 Be6 50.Bb6 Bg4 51.Ba7 e4  1/2-1/2

[Event "TCh-MNE 1st League"]
[Site "Tivat MNE"]
[Date "2011.10.08"]
[Round "9.1"]
[White "Benderac,S"]
[Black "Kontic,D"]
[Result "1/2-1/2"]
[WhiteElo "2332"]
[BlackElo "2316"]

1.e4 c5 2.Nf3 a6 3.Nc3 e6 4.d4 cxd4 5.Nxd4 Qc7 6.a3 b5 7.Be3 Bb7 8.Bd3 Nf6
9.O-O Bc5 10.Bxb5 Bxd4 11.Qxd4 Ng4 12.e5 f5 13.Be2 Nxe5 14.f4 Nbc6 15.Qb6 Qxb6
16.Bxb6 Nf7 17.Rad1 d5 18.Rfe1 O-O 19.Na4 Nd6 20.Bc5 Rfd8 21.Bxd6 Rxd6 22.Nc5 Bc8
23.b4 Ra7 24.Bf3 Rc7 25.c4 Ne7 26.cxd5 exd5 27.Rd4 a5 28.Red1 axb4 29.axb4 Bb7
30.Nxb7 Rxb7 31.Bxd5+ Nxd5 32.Rxd5 Rxd5 33.Rxd5 Rxb4 34.Rxf5 g6  1/2-1/2

[Event "TCh-MNE 1st League"]
[Site "Tivat MNE"]
[Date "2011.10.08"]
[Round "9.1"]
[White "Vuckovic,Bo"]
[Black "Damljanovic,B"]
[Result "1-0"]
[WhiteElo "2623"]
[BlackElo "2607"]

1.e4 c5 2.Nf3 e6 3.d4 cxd4 4.Nxd4 a6 5.Nc3 Qc7 6.Bd3 Nc6 7.Nxc6 bxc6 8.O-O Nf6
9.f4 d5 10.Qe2 Be7 11.b3 Bb7 12.Kh1 c5 13.e5 Nd7 14.Nd1 Qc6 15.Bb2 O-O 16.Ne3 f5
17.exf6 Bxf6 18.Bxf6 Nxf6 19.Rae1 c4 20.bxc4 d4 21.Nd1 Rae8 22.Rf2 Qc5 23.Kg1 g6
24.Qe5 Qxe5 25.fxe5 Nd7 26.Be4 Rb8 27.Rd2 Nc5 28.Bxb7 Rxb7 29.Rxd4 Rb1 30.Rf1 Ra1
31.Nf2 Rxa2 32.Nd3 Rxf1+ 33.Kxf1 Ra5 34.Ke2 Nxd3 35.Kxd3 Rxe5 36.Rd8+ Kf7
37.Rd7+ Kf6 38.Rxh7 Re1 39.c5 Rd1+ 40.Kc4 Rd8 41.c6  1-0

[Event "II Oliver Gonzalez Memorial"]
[Site "Madrid ESP"]
[Date "2011.10.09"]
[Round "2.8"]
[White "Cabanas Bravo,J"]
[Black "Barria Zuniga,D"]
[Result "0-1"]
[WhiteElo "2065"]
[BlackElo "2443"]

1.e4 c5 2.Nf3 e6 3.d4 cxd4 4.Nxd4 a6 5.Nc3 Qc7 6.Be3 Nf6 7.g4 Bb4 8.f3 h6
9.Ne2 Nc6 10.Kf2 b5 11.a3 Be7 12.Qd2 Bb7 13.Bf4 Ne5 14.Nd4 Bc5 15.Kg2 Rd8
16.b4 Be7 17.Nb3 d5 18.Qd4 Bd6 19.Nc5 Nxf3 20.Bxd6 Rxd6 21.Qe3 dxe4 22.Bxb5+ Ke7
23.Nxb7 Qxb7 24.Be2 Rhd8 25.Rhd1 Nd4 26.Rd2 Nf5 27.Qc5 e3+ 28.Kg1 exd2 29.gxf5 Ne4  0-1

[Event "Oslo GM Open"]
[Site "Oslo NOR"]
[Date "2011.10.09"]
[Round "9.12"]
[White "Gabrielsen,S"]
[Black "Popilski,G"]
[Result "1/2-1/2"]
[WhiteElo "2311"]
[BlackElo "2381"]

1.e4 c5 2.Nc3 e6 3.Nf3 a6 4.d4 cxd4 5.Nxd4 Qc7 6.Bd3 Bc5 7.Nb3 Be7 8.O-O d6
9.Qg4 g6 10.Qe2 Nd7 11.f4 Ngf6 12.a4 b6 13.Bd2 Bb7 14.Kh1 h5 15.Rf3 h4 16.Rh3 e5
17.Rf1 exf4 18.Bxf4 Ne5 19.Bg5 Nfg4 20.Bxe7 Qxe7 21.Nd5 Bxd5 22.exd5 Nxd3
23.Qxd3 Rh5 24.Nd4 Ne5 25.Qb3 Ng4 26.Qc3 Ne5 27.Qb4 Kf8 28.Qxb6 Ng4 29.Ne6+ Kg8
30.Qd4 Ne5 31.Nf4 Rf5 32.Re1 Qg5 33.Nd3 Ng4 34.c4 Qd2 35.Kg1 Ne5 36.Qxh4 Rh5
37.Qf2 Qxf2+ 38.Nxf2 Rxh3 39.Nxh3 Nxc4 40.b3 Nd2 41.b4 Rb8 42.Rd1 Nb3 43.Rb1 Rxb4
44.Nf2 Rxa4 45.Ne4 Rxe4 46.Rxb3 Rd4 47.Ra3 Rxd5 48.Rxa6 Rd2 49.h4 Kg7 50.Kh2 Kf6
51.Kg3 Kf5 52.Kf3 Rd3+ 53.Ke2 Rd4 54.Kf3 Ke5 55.Ra7 Rf4+ 56.Ke3 Rf1 57.Re7+ Kf6
58.Rd7 Ke6 59.Ra7 d5 60.Ra8 Kf5 61.Ra4 Ke5 62.g3 Rc1 63.Ra7 Rc3+ 64.Kf2 f6
65.Ra6 Rb3 66.Ra4 d4 67.Ra8 Rb6 68.Re8+ Re6 69.Rg8 Ke4 70.Rxg6 Kd3 71.Rg8 Rc6
72.Rd8 Ke4  1/2-1/2

[Event "49th ch-IND NatA"]
[Site "Aurangabad IND"]
[Date "2011.10.11"]
[Round "3"]
[White "Satyapragyan,S"]
[Black "Swathi,G"]
[Result "1-0"]
[WhiteElo "2415"]
[BlackElo "2278"]

1.e4 c5 2.Nf3 e6 3.d4 cxd4 4.Nxd4 a6 5.Nc3 Qc7 6.Bd3 Nf6 7.O-O Nc6 8.Nxc6 bxc6
9.Qe2 d5 10.b3 Be7 11.Bb2 O-O 12.Na4 c5 13.e5 Nd7 14.c4 d4 15.Rae1 g6 16.Bc1 f6
17.exf6 Nxf6 18.Bg5 Bd7 19.Nb2 Rae8 20.Bxf6 Bxf6 21.Be4 a5 22.Nd3 a4 23.bxa4 Rb8
24.Qg4 Rb6 25.h4 Kh8 26.h5 g5 27.Rb1 Bxa4 28.Rxb6 Qxb6 29.f4 gxf4 30.Nxf4 Bd7
31.Ng6+  1-0

[Event "20th TCh-CRO 1a"]
[Site "Sibenik CRO"]
[Date "2011.10.12"]
[Round "9.2"]
[White "Armanda,I"]
[Black "Car,T"]
[Result "1-0"]
[WhiteElo "2396"]
[BlackElo "2264"]

1.e4 c5 2.Nf3 e6 3.d4 cxd4 4.Nxd4 a6 5.Nc3 Qc7 6.Be2 b5 7.O-O Bb7 8.Re1 d6
9.Bg4 Nf6 10.Bg5 Nc6 11.Bxf6 gxf6 12.Nd5 exd5 13.Nxc6 Bg7 14.exd5+ Kf8 15.Re7 Qxe7
16.Nxe7 Kxe7 17.Qe1+ Kf8 18.Qb4 f5 19.Qxd6+ Kg8 20.Bh5  1-0

[Event "II Oliver Gonzalez Memorial"]
[Site "Madrid ESP"]
[Date "2011.10.13"]
[Round "6.8"]
[White "Moreno Tejera,E"]
[Black "Barria Zuniga,D"]
[Result "1/2-1/2"]
[WhiteElo "2280"]
[BlackElo "2443"]

1.e4 c5 2.Nf3 e6 3.d4 cxd4 4.Nxd4 a6 5.Nc3 Qc7 6.g3 Bb4 7.Bd2 Nf6 8.Bg2 Nc6
9.Nb3 Be7 10.a4 b6 11.O-O Bb7 12.a5 b5 13.Be3 d6 14.Bb6 Qc8 15.f4 O-O 16.g4 Nd7
17.Be3 Re8 18.g5 Bf8 19.Rf3 g6 20.Rh3 Nb4 21.Nd4 Bg7 22.Nde2 Qc7 23.Qd2 Nxc2
24.Qxc2 b4 25.Bd2 Rac8 26.Qd1 bxc3 27.Bxc3 Qc5+ 28.Kh1 Ba8 29.Rc1 Qf2 30.Rf3 Qa7
31.Bxg7 Rxc1 32.Qxc1 Kxg7 33.Rc3 Qf2 34.Ng3 Rb8 35.Rc2 Qd4 36.f5 Nc5 37.Qd2 Qxd2
38.Rxd2 gxf5 39.exf5 Bxg2+ 40.Kxg2 exf5 41.Nxf5+  1/2-1/2

[Event "II Oliver Gonzalez Memorial"]
[Site "Madrid ESP"]
[Date "2011.10.13"]
[Round "6.53"]
[White "Sanchez Lopez,Pedro"]
[Black "Bolea Olivan,J"]
[Result "0-1"]
[WhiteElo "1572"]
[BlackElo "1870"]

1.e4 c5 2.Nf3 e6 3.d4 cxd4 4.Nxd4 a6 5.Nc3 Qc7 6.Be3 Bb4 7.Bd2 Nf6 8.f3 Nc6
9.Nb3 d5 10.exd5 exd5 11.Qe2+ Be6 12.O-O-O O-O 13.Kb1 Rac8 14.Rc1 b5 15.g4 d4
16.Ne4 Nxe4 17.fxe4 Bxd2 18.Nxd2 Bxa2+ 19.Ka1 Qa5  0-1

[Event "49th ch-IND NatA"]
[Site "Aurangabad IND"]
[Date "2011.10.14"]
[Round "6"]
[White "Satyapragyan,S"]
[Black "Kunte,A"]
[Result "0-1"]
[WhiteElo "2415"]
[BlackElo "2528"]

1.e4 c5 2.Nf3 e6 3.d4 cxd4 4.Nxd4 a6 5.Nc3 Qc7 6.Be2 Nf6 7.O-O Be7 8.f4 d6
9.Kh1 O-O 10.Be3 Nbd7 11.Bf3 Nb6 12.g4 Nc4 13.Bc1 Nd7 14.Bg2 b5 15.g5 Bb7
16.b3 Ne3 17.Ncxb5 axb5 18.Bxe3 b4 19.Qe1 Rfe8 20.Qxb4 d5 21.Qd2 dxe4 22.c4 Nc5
23.Nb5 Qc6 24.Qe2 f5 25.gxf6 Bxf6 26.Bd4 Bxd4 27.Nxd4 Qb6 28.Nb5 Rad8 29.Qf2 e3
30.Qxe3 Bxg2+ 31.Kxg2 Rd3 32.Qe2 e5 33.Kh1 Qc6+ 34.Qg2 Ne4 35.Rae1 exf4 36.Re2 f3  0-1

[Event "Indonesia Open"]
[Site "Jakarta INA"]
[Date "2011.10.14"]
[Round "3.17"]
[White "Tirto"]
[Black "Kotanjian,T"]
[Result "0-1"]
[WhiteElo "2322"]
[BlackElo "2546"]

1.e4 c5 2.Nc3 e6 3.Nf3 a6 4.d4 cxd4 5.Nxd4 b5 6.Bd3 Bb7 7.O-O d6 8.f4 Nf6
9.Qf3 Nbd7 10.Bd2 Nc5 11.Rae1 b4 12.Nd1 Qb6 13.Nf2 Nxd3 14.Qxd3 Be7 15.Be3 Qc7
16.c3 bxc3 17.Rc1 O-O 18.Rxc3 Qd7 19.Rfc1 Rfc8 20.Nb3 Rxc3 21.Rxc3 Rc8 22.Bd2 Rxc3
23.Bxc3 Qb5 24.Qe3 Bd8 25.Qd4 Qb6 26.Qxb6 Bxb6 27.e5 Ng4 28.Bd4 Bxd4 29.Nxd4 dxe5
30.fxe5 Nxe5 31.Nb3 Bd5 32.Nc5 a5 33.a3 Kf8 34.Nd1 Ke7 35.Nc3 Nd7 36.Nxd5+ exd5
37.Nxd7 Kxd7 38.b3 Kd6 39.Kf2 f5 40.Ke3 g5 41.b4 axb4 42.axb4 f4+ 43.Kf3 Kc6
44.h4 Kb5 45.hxg5 Kxb4  0-1

[Event "II Oliver Gonzalez Memorial"]
[Site "Madrid ESP"]
[Date "2011.10.16"]
[Round "9.61"]
[White "Martin Rodriguez,Jose L"]
[Black "Bolea Olivan,J"]
[Result "0-1"]
[WhiteElo "1483"]
[BlackElo "1870"]

1.e4 c5 2.Nf3 e6 3.d4 cxd4 4.Nxd4 a6 5.Nc3 Qc7 6.Be2 b5 7.a3 Bb7 8.O-O Nf6
9.f3 Nc6 10.Kh1 Nxd4 11.Qxd4 Bc5 12.Qd3 d5 13.exd5 Nxd5 14.Nxd5 Bxd5 15.Qd2 O-O
16.Bd3 Rfd8 17.Qg5 Be7 18.Qg4 Bf6 19.Re1 g6 20.h4 h5 21.Qb4 Qg3 22.Bg5 Bxg5
23.hxg5 Qxg5 24.Re2 Rac8 25.Rae1 Bc4 26.Re5 Qh4+ 27.Kg1 Qd4+ 28.R1e3 Bxd3
29.Qxd4 Rxd4 30.Rxd3 Rxd3 31.cxd3 Rc2 32.d4 Rxb2 33.Rc5 Rb3 34.a4 bxa4 35.Ra5 Rb4
36.d5 exd5 37.Rxd5 Rb5 38.Rd4 Ra5 39.Rd2 a3 40.Ra2 g5 41.Kf2 Kg7 42.Kg3 Kg6
43.Kh3 f5 44.g3 Ra4 45.Kg2 h4 46.Kh3 hxg3 47.Kxg3 Kf6 48.Kf2 Ke6  0-1